000 00565nam a2200181 4500
999 _c171608
_d171608
005 20200116121147.0
010 _aENG-127388
020 _a9789386473752
_c495.00
035 _aEN-110920
037 _bDBAD/PUB
082 _a301.153
100 _aDogra,Bharat
245 _aMan Over Machine:
_cby Bharat Dogra.
_ba path towards peace/
260 _aNew Delhi
_bVitasta Publishing
_c2020
270 _a 2/15,Ansari Road Daryaganj
_bNew Delhi
_e40001
_minfo@vitastapublishing.com
300 _axiii;316p.
_c22cm(pbk)
942 _2ddc
_cEN
_h954
_mGOS